000 00251 a2200085 4500
999 _c209066
_d209066
020 _a9780137692583
100 _aSimonson, Michael...[et al.].
245 _aTeaching and learning at a distance : foundations of distance education
260 _bMerrill
_c2000